000 00967cam a2200313 a 4500
001 000020120
003 DO-SdBNP
005 20171023074731.0
007 000020120
008 700702s2000 dr 000 f spa d
020 _a8481301892
040 _aBPMET
_cspa
_dBPMET
041 1 7 _aspa
_hfre
092 _a853.3
_bM149p
100 1 _aMachiavelli, Niccoló,
_d1469-1527
240 1 0 _aIl principe.
_lEspañol
245 1 3 _aEl príncipe /
_cNicolás Maquiavelo ; traducción de Ángeles Cardona.
260 _aSanto Domingo :
_bEl Siglo,
_c2000.
300 _a123 p. ;
_c19 cm.
490 1 _aJoyas del milenio
_v12
534 _aTítulo original: Il principe
_cBarcelona : Bibliotex, 2000.
650 4 _aNOVELA ITALIANA
650 4 _aLITERATURA ITALIANA
700 1 _aCardona, Ángeles,
_etr.
830 0 _aJoyas del milenio ;
_v12
942 _2ddc
_cBK
945 _aTítulo remanejado para BNPHU / 2017 VM
956 _aVMATEO
_b10
_c20150505
_lBPMSU
_h00151
999 _c7793
_d7793